| 000 | 00811nam a2200241 a 4500 | ||
|---|---|---|---|
| 001 | 000011006 | ||
| 003 | OSt | ||
| 005 | 20240412074222.0 | ||
| 008 | 091013s1982 dr a 000 p spa d | ||
| 040 |
_aDO-SdBNP _bspa _cBNPHU |
||
| 082 |
_aRD861.44 _bS211b |
||
| 100 | 1 |
_aSánchez Marte, T. Antonio _926443 |
|
| 245 | 1 | 0 |
_aBrotes de mi alma / _cT. Antonio Sánchez Marte ; prólogo Erasmo de Jesús Rosado. |
| 260 |
_aSanto Domingo : _bCorripio, _c1982. |
||
| 300 |
_a189 p. : _bil. ; _c23 cm. |
||
| 500 | _aIncluye datos biográficos del autor en las páginas 7-10. | ||
| 590 | _aInventariado, 2020 / DG | ||
| 650 | 0 |
_aPoesía dominicana _966 |
|
| 650 | 0 |
_aLiteratura dominicana. _967 |
|
| 700 | 1 | 2 |
_aRosado, Erasmo de Jesús, _epról. _926444 |
| 910 | _aValidado. Control de calidad MFF | ||
| 942 |
_2ddc _cLF1 |
||
| 999 |
_c10744 _d10744 |
||